000 00848nam a2200313Ia 4500
003 OSt
005 20220912145821.0
006 a|||||r|||| 00| 0
007 ta
008 220909b |||||||| |||| 00| 0 eng d
020 _a9780070667297 (pbk)
024 _a82100
037 _cTextual
040 _aCSL
_beng
_cCSL
041 _aeng
082 _aC, K56;M5.2-;1
100 _aPurcell Edward M
245 0 _aElectricity and magnetism
250 _a2
260 _aNew Delhi
_bTata Mcgraw-Hill Publishing Company Limited
_c1985
300 _ap.
_ccm.
500 _a''Appendix A-E, 451-474p''.; ''Index 479-484p''.
650 _a Electricity
650 _a Magnetism
650 _aPhysics
942 _hC, K56;M5.2-;1
_cTEXL
_2CC
999 _c38929
_d38929